LIBRARY & INFORMATION CENTRE, KCAET, TAVANUR

ONLINE PUBLIC ACCESS CATALOGUE (OPAC)

Measuring educational achievement / (Record no. 2169)

MARC details
000 -LEADER
fixed length control field 00420cam a2200157ua 4500
041 ## - LANGUAGE CODE
Language code of text/sound track or separate title eng
082 ## - DEWEY DECIMAL CLASSIFICATION NUMBER
Classification number 371.27
Item number MIC/ME
100 ## - MAIN ENTRY--AUTHOR NAME
Personal name Michels, William.J .
245 ## - TITLE STATEMENT
Title Measuring educational achievement /
260 ## - PUBLICATION, DISTRIBUTION, ETC. (IMPRINT)
Place of publication New York :
Name of publisher McGraw Hill Book Company ,
Year of publication 1950.
300 ## - PHYSICAL DESCRIPTION
Number of Pages 496 ; .
700 1# - ADDED ENTRY--PERSONAL NAME
Personal name Karnes, M.Ray .
942 ## - ADDED ENTRY ELEMENTS (KOHA)
Koha item type Books
Holdings
Withdrawn status Lost status Damaged status Home library Current library Date acquired Full call number Accession Number Koha item type
Withdrawn     KAUAET Sanskrit University 07/04/2012 371.27 537 Books
free website counter